Most Populated Subdivisions of Oceania - Statistics

General Stats
  • This quiz has been taken 75 times
  • The average score is 10 of 20
Answer Stats
Country Subdivision Population % Correct
Australia Victoria 6.73 mil
93%
Australia Queensland 5.41 mil
92%
Australia New South Wales 8.28 mil
90%
Australia Western Australia 2.83 mil
88%
Australia South Australia 1.85 mil
86%
Australia Tasmania 578 k
81%
United States Hawaii 1.48 mil
80%
Papua NewGuinea National CapitalDistrict 516 k
80%
Indonesia West Papua 564 k
73%
Indonesia Central Papua 1.44 mil
39%
Indonesia South Papua 525 k
39%
Indonesia Highland Papua 1.44 mil
27%
Indonesia Southwest Papua 625 k
24%
Papua NewGuinea Eastern Highlands 821 k
19%
Papua NewGuinea Southern Highlands 723 k
17%
Papua NewGuinea Morobe 956 k
15%
Papua NewGuinea Chimbu 533 k
14%
Papua NewGuinea East Sepik 638 k
14%
Papua NewGuinea Enga 612 k
14%
Papua NewGuinea Madang 700 k
14%
No matching quizzes found
Score Distribution
Percent of People with Each Score
Percentile by Number Answered
Your Score History
You have not taken this quiz